| 000 | 00397nam a2200169Ia 4500 | ||
|---|---|---|---|
| 008 | 170705s9999 xx 000 0 und d | ||
| 020 | _a9781846967078 | ||
| 245 | _aAlien abduction / | ||
| 245 | _cAnne Rooney. | ||
| 260 | _aNew York : | ||
| 260 | _bTicktock Entertainment, | ||
| 260 | _c2008 | ||
| 300 | _a32 pages : | ||
| 300 | _bcolor illustration ; | ||
| 300 | _c25cm. | ||
| 500 | _a560 | ||
| 999 |
_c335627 _d335627 |
||